Normal view
MARC view
Entry Topical Term
001 - CONTROL NUMBER
- control field: 13161
003 - CONTROL NUMBER IDENTIFIER
- control field: HDC
005 - DATE AND TIME OF LATEST TRANSACTION
- control field: 20230624073412.0
008 - FIXED-LENGTH DATA ELEMENTS
- fixed length control field: 210210|| aca||aabn | a|a d
040 ## - CATALOGING SOURCE
- Original cataloging agency: HDC
- Transcribing agency: HDC
150 ## - HEADING--TOPICAL TERM
- Topical term or geographic name entry element: Chromium supplemen
670 ## - SOURCE DATA FOUND
- Source citation: Work cat.: (HDC): Wong, Hee Kum, author 12680, Egg fatty acid composition, nutrient intake, feed conversion efficiency and egg production of layers fed organic and inorganic chromium supplements /, 2004
